000 00823nam a22002417a 4500
003 OSt
005 20250707055941.0
008 250707b |||||||| |||| 00| 0 eng d
020 _a9781138024632
040 _aDWCL - Main lib
_cOC
082 _aCirc. 371.1022 R995c 2016
100 _aRymes, Betsy
245 _a Classroom discourse analysis :
_b a tool for critical reflection/
_cBetsy Rymes
250 _a Second edition.
260 _a New York :
_bRoutledge,
_cc2016.
300 _axi, 248 pages :
_b illustrations ;
_c23 cm.
504 _aIncludes bibliographical references and index.
650 _a1. Communication in education.
650 _a2. Discourse analysis.
650 _a3. Interaction analysis in education.
650 _a4. Sociolinguistics.
942 _2ddc
_cBK-CIRC
_eSecond edition.
_kCirc.
_n0
999 _c3419
_d3419